000 00378nam a2200145Ia 4500
008 230711s9999||||xx |||||||||||||| ||und||
041 _aENG
082 _a624
_bIN-W
100 _aIndian Instuties of Bridge Expiners
245 0 _aWorld water 86 : water technology
250 _a1st Ed.
260 _c1987
_aNew York
_bThomas Telford
650 _aCivil Engineering
942 _cBK
999 _c3549
_d3549